000 00282nam a2200145Ia 4500
100 _aBhavalkar/V.
650 _aGeneral
942 _cRB
654 _aSheti
245 _aBhonagachi Sheti
260 _bTech Aid
_aPune
_c1993
300 _a189
546 _aMARATHI
999 _c26734
_d26734